000 00343nam a2200133Ia 4500
008 240624s9999 xx 000 0 und d
041 _aeng
082 _a823 DOY
100 _aDOYLE CHRISTOPHER C
245 _aMAHABHARATA QUEST THE ALEXANDER SECRET
260 _c2014
_aChennai
_bWestland Ltd
300 _axxi, 355 p.; 23 cm.
365 _cRS
999 _c30763
_d30763